|
|
|
|
| LEADER |
00000nab a2200000 ar4500 |
| 001 |
vtls009008561 |
| 003 |
SK-MaSNL |
| 005 |
20260303065524.0 |
| 008 |
070723c1976 xo |r|p|||||||000 b|slo |
| 015 |
|
|
|a SNBRB2007/07
|2 snkbucl
|
| 038 |
|
|
|a SNKBUCL
|
| 040 |
|
|
|a SNKBUCL
|b slo
|c SNKBUCL
|e AACR2
|
| 041 |
|
|
|a slo
|
| 044 |
|
|
|a xo
|c SK
|
| 080 |
|
|
|a 793.3.079
|2 1997
|
| 080 |
|
|
|a 784.4.079
|2 1997
|
| 100 |
1 |
|
|a Piros, Stepan
|4 aut
|9 1062965
|
| 245 |
1 |
0 |
|a Ridnij partiji - slava
|c Stapan Piros
|
| 500 |
|
|
|a XIV. Festival piesní a tancov v Medzilaborciach
|
| 611 |
2 |
7 |
|a Festival piesní a tancov
|n (14. :
|d 1976 :
|c Medzilaborce, Slovensko)
|2 snkbucl
|9 1062961
|
| 651 |
|
7 |
|a Medzilaborce (Slovensko)
|2 snkbucl
|9 22171
|
| 773 |
0 |
|
|t Nove žytťa
|g Roč. 25, č. 26 (1976), s. 5
|
| 852 |
|
|
|a SNK
|b KIS3GCP
|
| 958 |
|
|
|a SK
|
| 999 |
|
|
|c 1751529
|d 1753459
|